01214nas a2200253 a 450000100060000000300080000600500170001400800410003103500190007204000460009104100080013708200270014511000190017224501380019126000390032930000210036850001400038965000470052965500250057677600330060178500820063478501100071685601340082651947BD-RjUL20211209075732.0160905s1966 dcu x s f0 a0eng c a(BD-RjUL)52067 aTxDaM-LbengcTxDaM-LdOCoLCdMHdBD-RjUL aeng 223a341.0262bTRE 19661 aUnited States.10aTreaty series :bTreaties and international agreements registered or field and recorded with the secretariat of the united nations /  aNew york :bUnited Nations.,c1966 a280 p. ;c23 cm. aCumulative index no. 5(volumes 401 to 450) I: Treaties nos. 5758 to 6481 (registered) II: Treaties nos. 589 to 599 (filed and recorded) 7aTreaty series (United Nations) x Indexes. 0aElectronic journals.1 tTreaty seriesw(DLC)3200941717aUnited States.tExecutive agreement seriesw(DLC)sn 95030638w(OCoLC)1691569317aUnited States.tTreaties and other international acts seriesx0083-0816w(DLC) 46006169w(OCoLC)177418340uhttp://www.columbia.edu/cgi-bin/cul/resolve?clio9608671zFull text available from HeinOnline U.S. Treaties and Agreements Library